00448nam a2200181Ia 4500008004100000020001800041050001600059100001800075245001600093245002100109250003800130260002300168260002000191260000900211300001600220300002000236300001000256170918s9999 xx 000 0 und d a9780152057800 bB655ta 1997 aBloor, Edward aTangerine / cby Edward Bloor. aFirst Harcourt paperback edition. aOrlando, Florida : bHarcourt Books, c1997 a312 pages : billustrations ; c19cm.